[Event "Hart House Holidays op"]
[Site "Toronto CAN"]
[Date "2008.12.21"]
[Round "5"]
[White "Armstrong, Robert J"]
[Black "Morrison, Kyle"]
[Result "0-1"]
[WhiteElo "1832"]
[BlackElo "2244"]
[PlyCount "84"]
[GameId "2160767910285967"]
[EventDate "2008.12.19"]
[EventType "swiss"]
[EventRounds "5"]
[EventCountry "CAN"]
[SourceTitle "EXT 2011"]
[Source "ChessBase"]
[SourceDate "2011.11.26"]
[SourceVersion "1"]
[SourceVersionDate "2011.11.26"]
[SourceQuality "1"]

1. d4 Nf6 2. c4 e6 3. Nf3 d5 4. e3 c6 5. Bd3 dxc4 6. Bxc4 b5 7. Bd3 a6 8. O-O c5 9. dxc5 Bxc5 10. b3 Bb7 11. Bb2 Nc6 12. Nc3 Qe7 13. Rc1 Rc8 14. Ne4 Nxe4 15. Bxe4 O-O 16. Bxh7+ Kxh7 17. Qc2+ Kg8 18. Qxc5 Qxc5 19. Rxc5 Nb4 20. Rxc8 Rxc8 21. a3 Nd3 22. Bd4 f6 23. Rd1 e5 24. Kf1 Nc1 25. Bb6 Nxb3 26. Rd8+ Rxd8 27. Bxd8 Kf7 28. Ke2 Ke6 29. Ne1 Kd5 30. Be7 Nc5 31. Nd3 Nd7 32. Nb2 Ke6 33. Bb4 Bxg2 34. a4 e4 35. axb5 axb5 36. Kd2 Bf3 37. Nd1 Bxd1 38. Kxd1 Ne5 39. Kc2 Nd3 40. Kc3 Kd5 41. f4 Nxb4 42. Kxb4 Kc6 0-1

[Event "Hart House Holidays op"]
[Site "Toronto CAN"]
[Date "2008.12.21"]
[Round "5"]
[White "Noritsyn, Nikolay"]
[Black "Sambuev, Bator"]
[Result "1/2-1/2"]
[WhiteElo "2487"]
[BlackElo "2572"]
[PlyCount "79"]
[GameId "2160767910285968"]
[EventDate "2008.12.19"]
[EventType "swiss"]
[EventRounds "5"]
[EventCountry "CAN"]

1. Nf3 Nf6 2. c4 g6 3. g3 Bg7 4. Bg2 O-O 5. O-O d6 6. Nc3 e5 7. d3 Nc6 8. Rb1 a5 9. a3 h6 10. b4 axb4 11. axb4 Be6 12. b5 Ne7 13. Nd2 c6 14. Qb3 Qd7 15. Rd1 Ra5 16. Bb2 Rfa8 17. Qc2 Bh3 18. Bh1 Nf5 19. e3 Ng4 20. Re1 R5a7 21. Nde4 Ne7 22. Qe2 f5 23. Nd2 f4 24. exf4 Nf5 25. Nf3 exf4 26. bxc6 bxc6 27. Qe4 fxg3 28. hxg3 Rb8 29. Bc1 Rxb1 30. Nxb1 Ra2 31. Nbd2 Qa7 32. c5 Nxf2 33. Qe8+ Kh7 34. Re6 Nh4 35. Nxh4 Bxe6 36. Qxg6+ Kh8 37. Qxe6 Qxc5 38. Qe8+ Kh7 39. Qg6+ Kg8 40. Qe6+ 1/2-1/2

[Event "Hart House Reading Week Closed"]
[Site "Toronto CAN"]
[Date "2008.02.15"]
[Round "1"]
[White "Ferreira, Alex"]
[Black "Brammall, Stuart"]
[Result "1-0"]
[WhiteElo "2003"]
[BlackElo "1346"]
[PlyCount "43"]
[GameId "2160767910413449"]
[EventDate "2008.02.15"]
[EventType "swiss"]
[EventRounds "5"]
[EventCountry "CAN"]

1. e4 d6 2. d4 Nf6 3. Bd3 g6 4. f4 Bg7 5. e5 Nfd7 6. Nf3 c5 7. exd6 exd6 8. Qe2+ Kf8 9. c3 Nc6 10. Be3 b6 11. O-O Nf6 12. f5 Nd5 13. Bg5 Qe8 14. Qxe8+ Kxe8 15. Be4 Be6 16. fxe6 fxe6 17. dxc5 bxc5 18. Na3 Kd7 19. Rad1 Rab8 20. Bc1 Nf6 21. Bc2 d5 22. Ba4 1-0

[Event "Hart House Reading Week Closed"]
[Site "Toronto CAN"]
[Date "2008.02.16"]
[Round "2"]
[White "Ferreira, Alex"]
[Black "Ng, Kit-Sun"]
[Result "0-1"]
[WhiteElo "2003"]
[BlackElo "2079"]
[PlyCount "56"]
[GameId "2160767910413450"]
[EventDate "2008.02.15"]
[EventType "swiss"]
[EventRounds "5"]
[EventCountry "CAN"]

1. c4 c6 2. Nf3 d5 3. g3 Nf6 4. Bg2 e6 5. O-O Nbd7 6. Qc2 Bd6 7. d3 O-O 8. a3 b6 9. cxd5 cxd5 10. Qc6 Qc7 11. Qxa8 Ba6 12. Qxf8+ Kxf8 13. Nc3 e5 14. Ng5 h6 15. Nh3 d4 16. Ne4 Nxe4 17. Bxe4 Nf6 18. Bf3 Qc2 19. Re1 Nd7 20. Kf1 Nc5 21. Bd5 Bc8 22. Ng1 Be6 23. b4 Bxd5 24. bxc5 Bxc5 25. f4 e4 26. dxe4 Bxe4 27. a4 d3 28. Ba3 Bxa3 0-1

[Event "Hart House Reading Week Closed"]
[Site "Toronto CAN"]
[Date "2008.02.16"]
[Round "3"]
[White "Safir, Alexander"]
[Black "Ferreira, Alex"]
[Result "0-1"]
[WhiteElo "1436"]
[BlackElo "2003"]
[PlyCount "112"]
[GameId "2160767910413451"]
[EventDate "2008.02.15"]
[EventType "swiss"]
[EventRounds "5"]
[EventCountry "CAN"]

1. e4 c5 2. Nc3 e6 3. e5 d6 4. Bb5+ Bd7 5. exd6 Bxd6 6. Qe2 Nf6 7. h3 O-O 8. Nf3 Nd5 9. O-O Nxc3 10. dxc3 Bxb5 11. Qxb5 Qc7 12. Qc4 Nd7 13. Bg5 Rfe8 14. Qg4 e5 15. Rad1 Nf8 16. Rd5 Re6 17. Rfd1 h6 18. Bh4 e4 19. Ne1 Rae8 20. c4 Ng6 21. Bg3 Bxg3 22. fxg3 Nf8 23. Qf4 Qb6 24. b3 Qa5 25. a4 e3 26. Qf5 e2 27. Rb1 Qc3 28. Qd3 Qf6 29. Qf3 Qg6 30. Qd3 Qf6 31. Qf3 Qe7 32. Kh2 Re3 33. Qf5 b6 34. Rd3 Re5 35. Qf4 Re4 36. Qf5 g6 37. Qd5 Nh7 38. Qd6 Qg5 39. Rf3 R4e6 40. Qd7 Nf6 41. Qxa7 R6e7 42. Qxb6 Ne4 43. Rd3 Nd2 44. Ra1 Nf1+ 45. Kg1 Re3 46. Qd6 Nxg3 47. Qd5 Qf6 48. Rxe3 Rxe3 49. Kh2 Nf1+ 50. Kg1 Qxa1 51. Qd8+ Kg7 52. Qh4 Ng3 53. Kf2 Nf5 54. Qf4 Re6 55. Qd2 Qe5 56. Nd3 Qg3+ 0-1

[Event "Hart House Reading Week Closed"]
[Site "Toronto CAN"]
[Date "2008.02.17"]
[Round "4"]
[White "Ferreira, Alex"]
[Black "Pechenkin, Vladimir"]
[Result "0-1"]
[WhiteElo "2003"]
[BlackElo "2289"]
[PlyCount "90"]
[GameId "2160767910413452"]
[EventDate "2008.02.15"]
[EventType "swiss"]
[EventRounds "5"]
[EventCountry "CAN"]

1. e4 d5 2. exd5 Nf6 3. d4 Nxd5 4. c4 Nb6 5. Nf3 g6 6. Nc3 Bg7 7. Be3 O-O 8. Bd3 Bg4 9. Be2 Nc6 10. d5 Bxf3 11. Bxf3 Ne5 12. Bxb6 axb6 13. Be2 Nd7 14. Qc2 Nc5 15. O-O e5 16. b4 Nd7 17. a4 f5 18. Rfd1 e4 19. Ra2 Be5 20. Nb5 Qh4 21. g3 Qe7 22. d6 cxd6 23. Qb3 Kh8 24. Nc7 Rac8 25. Nd5 Qg7 26. a5 bxa5 27. Rxa5 g5 28. Ra7 Nf6 29. Nb6 Rc6 30. Na4 f4 31. c5 d5 32. Bb5 Rc7 33. Nb6 d4 34. Qe6 Re7 35. Qf5 Bb8 36. Ra3 Re5 37. Qh3 g4 38. Qf1 d3 39. Bxd3 exd3 40. Raxd3 Rf5 41. Qe2 Bc7 42. Rd7 Nxd7 43. Rxd7 Qa1+ 44. Rd1 Qe5 45. Qxg4 fxg3 0-1

[Event "Hart House Reading Week Closed"]
[Site "Toronto CAN"]
[Date "2008.02.17"]
[Round "5"]
[White "Nguyen, Johnny"]
[Black "Ferreira, Alex"]
[Result "0-1"]
[WhiteElo "1445"]
[BlackElo "2003"]
[PlyCount "122"]
[GameId "2160767910413453"]
[EventDate "2008.02.15"]
[EventType "swiss"]
[EventRounds "5"]
[EventCountry "CAN"]

1. d4 d5 2. c4 e5 3. dxe5 d4 4. Nf3 Nc6 5. a3 Nge7 6. e3 Nf5 7. e4 Nh4 8. Bf4 Bg4 9. Qd3 Bxf3 10. gxf3 Ng6 11. Qd2 Ncxe5 12. Bxe5 Nxe5 13. Bg2 Nxc4 14. Qc1 Ne5 15. O-O g5 16. Nd2 Bg7 17. Rd1 Qd7 18. Nc4 Nxc4 19. Qxc4 O-O-O 20. Rd3 Kb8 21. Rc1 Be5 22. Qc5 f6 23. Rcd1 h5 24. h3 b6 25. Qc4 Rh6 26. h4 Rg6 27. hxg5 fxg5 28. Kf1 h4 29. Ke2 h3 30. Bh1 Rc6 31. Qb3 Rc5 32. a4 Qc6 33. Ke1 Rc1 34. a5 Rxd1+ 35. Rxd1 Qc5 36. axb6 Qxb6 37. Qc2 Qb4+ 38. Kf1 Qb5+ 39. Kg1 d3 40. Qd2 h2+ 41. Kg2 Bf4 42. Qc3 Rd6 43. Qg7 d2 44. Kh3 Qe2 45. Qg8+ Kb7 46. Qb3+ Kc8 47. Qg8+ Rd8 48. Qe6+ Kb7 49. Qb3+ Ka8 50. Qa4 Qxf2 51. Qc6+ Kb8 52. Qb5+ Qb6 53. Qf1 a6 54. b4 Rh8+ 55. Kg2 Qh6 56. Kf2 Qh4+ 57. Ke2 Rd8 58. Rb1 Qh8 59. b5 Qd4 60. bxa6+ Ka8 61. Kd1 Qa4+ 0-1

[Event "Hivernal"]
[Site "Sherbrooke CAN"]
[Date "2008.03.14"]
[Round "1"]
[White "Allard dos Santos, Alexandre"]
[Black "Straehl, Patrick"]
[Result "1-0"]
[WhiteElo "1070"]
[BlackElo "1422"]
[PlyCount "115"]
[GameId "2160767910413082"]
[EventDate "2008.03.14"]
[EventType "swiss"]
[EventRounds "5"]
[EventCountry "CAN"]
[SourceTitle "EXT 2011"]
[Source "ChessBase"]
[SourceDate "2011.11.26"]
[SourceVersion "1"]
[SourceVersionDate "2011.11.26"]
[SourceQuality "1"]

1. e4 c5 2. Nf3 Nc6 3. d4 cxd4 4. Nxd4 Nf6 5. Nxc6 bxc6 6. e5 Qa5+ 7. Bd2 Qxe5+ 8. Qe2 Qxb2 9. Bc3 Qb6 10. g3 e6 11. Nd2 d5 12. Rb1 Qd8 13. Bg2 Bc5 14. Nc4 O-O 15. Ba5 Qe7 16. Ne5 Bd7 17. Nd3 Rab8 18. O-O Rb5 19. Rxb5 cxb5 20. Rb1 a6 21. Nxc5 Qxc5 22. Bb4 Qc4 23. Qxc4 bxc4 24. Bxf8 Kxf8 25. c3 a5 26. Bf3 Ke7 27. Rb7 Kd6 28. Ra7 a4 29. Bd1 Ne4 30. Bxa4 Bxa4 31. Rxa4 Nxc3 32. Ra7 d4 33. Kf1 Kc5 34. Ke1 Kb4 35. f3 d3 36. Kd2 Kc5 37. Kxc3 f5 38. a4 e5 39. Rb7 e4 40. fxe4 fxe4 41. Re7 d2 42. Kxd2 Kb4 43. Rxe4 Kxa4 44. Rxc4+ Kb5 45. Rc1 g5 46. h4 gxh4 47. gxh4 h5 48. Kd3 Kb4 49. Kd4 Kb5 50. Kd5 Kb4 51. Rc8 Kb3 52. Kd4 Kb4 53. Rb8+ Ka5 54. Kc5 Ka6 55. Rb1 Ka7 56. Kc6 Ka8 57. Kc7 Ka7 58. Ra1# 1-0

[Event "Hivernal"]
[Site "Sherbrooke CAN"]
[Date "2008.03.14"]
[Round "1"]
[White "Belanger, Christopher"]
[Black "Grenier, Jean-Pierre"]
[Result "0-1"]
[WhiteElo "1399"]
[BlackElo "1669"]
[PlyCount "110"]
[GameId "2160767910413083"]
[EventDate "2008.03.14"]
[EventType "swiss"]
[EventRounds "5"]
[EventCountry "CAN"]
[SourceTitle "EXT 2011"]
[Source "ChessBase"]
[SourceDate "2011.11.26"]
[SourceVersion "1"]
[SourceVersionDate "2011.11.26"]
[SourceQuality "1"]

1. e4 c5 2. d4 cxd4 3. c3 dxc3 4. Nxc3 e6 5. Nb5 Nc6 6. Nd6+ Bxd6 7. Qxd6 Qe7 8. Qg3 Qb4+ 9. Bd2 Qxe4+ 10. Be2 Qe5 11. Qd3 Nf6 12. Bc3 Qe4 13. Qg3 Qg6 14. Qf3 Ne4 15. Bxg7 Qxg7 16. Qxe4 Qxb2 17. Rd1 Qb4+ 18. Qxb4 Nxb4 19. a3 Nd5 20. Bd3 b6 21. Ne2 a5 22. Be4 Bb7 23. O-O Rc8 24. Nf4 Nxf4 25. Bxb7 Rc7 26. Ba6 Ke7 27. Rd2 Ra8 28. Bb5 d5 29. Re1 Kd6 30. g3 Ng6 31. a4 Ne5 32. Kg2 Rc3 33. Re3 Rac8 34. Rxc3 Rxc3 35. f4 Nc4 36. Re2 Na3 37. Ba6 Rc2 38. Rxc2 Nxc2 39. Bd3 Ne3+ 40. Kf3 Nf5 41. g4 Nh4+ 42. Kg3 Ng6 43. h4 Kc5 44. h5 Nf8 45. Bb5 Kd4 46. g5 Ke3 47. Be8 f6 48. g6 hxg6 49. hxg6 Nxg6 50. Bxg6 e5 51. Kg4 exf4 52. Kh3 f3 53. Be8 d4 54. Kh2 d3 55. Bf7 f2 0-1

[Event "Hivernal"]
[Site "Sherbrooke CAN"]
[Date "2008.03.14"]
[Round "1"]
[White "Belanger, Priscillia"]
[Black "Roussel, Alexandre"]
[Result "1-0"]
[WhiteElo "1046"]
[BlackElo "890"]
[PlyCount "121"]
[GameId "2160767910413084"]
[EventDate "2008.03.14"]
[EventType "swiss"]
[EventRounds "5"]
[EventCountry "CAN"]
[SourceTitle "EXT 2011"]
[Source "ChessBase"]
[SourceDate "2011.11.26"]
[SourceVersion "1"]
[SourceVersionDate "2011.11.26"]
[SourceQuality "1"]

1. e4 e5 2. Nf3 Nc6 3. Nc3 Nf6 4. Be2 Bc5 5. d3 Ng4 6. O-O O-O 7. Bg5 Nf6 8. Nd5 Be7 9. Nxe7+ Qxe7 10. c3 b6 11. Bxf6 Qxf6 12. d4 d6 13. d5 Na5 14. b4 Nb7 15. h3 a5 16. Qa4 Qg6 17. Kh2 Qxe4 18. Qb5 Rd8 19. Qc4 Qxc4 20. Bxc4 Bd7 21. a3 b5 22. Bd3 c5 23. dxc6 Bxc6 24. c4 bxc4 25. Bxc4 axb4 26. axb4 Rxa1 27. Rxa1 d5 28. b5 dxc4 29. bxc6 Nd6 30. Nxe5 f6 31. Nf3 Rc8 32. Nd4 g5 33. f3 h5 34. Ra6 f5 35. c7 Nb7 36. Nb5 Nc5 37. Rc6 Nd7 38. Na7 Ne5 39. Rc5 Nd7 40. Rxc4 Nb6 41. Rc1 Kg7 42. Nxc8 Nxc8 43. Rb1 Kg6 44. Rb8 Ne7 45. c8=Q Nxc8 46. Rxc8 g4 47. hxg4 hxg4 48. fxg4 fxg4 49. Rc5 Kf6 50. Kg3 Ke6 51. Kxg4 Kd6 52. Rf5 Ke6 53. Kf4 Kd6 54. g4 Ke6 55. g5 Kd6 56. g6 Ke6 57. g7 Kd6 58. g8=Q Kc6 59. Qg6+ Kd7 60. Rf7+ Ke8 61. Qg8# 1-0

[Event "Hivernal"]
[Site "Sherbrooke CAN"]
[Date "2008.03.14"]
[Round "1"]
[White "Duclos, Alain"]
[Black "Soskic, Milan"]
[Result "1-0"]
[WhiteElo "1760"]
[BlackElo "1357"]
[PlyCount "58"]
[GameId "2160767910413085"]
[EventDate "2008.03.14"]
[EventType "swiss"]
[EventRounds "5"]
[EventCountry "CAN"]
[SourceTitle "EXT 2011"]
[Source "ChessBase"]
[SourceDate "2011.11.26"]
[SourceVersion "1"]
[SourceVersionDate "2011.11.26"]
[SourceQuality "1"]

1. e4 e5 2. Nf3 Nc6 3. Bb5 d6 4. c3 Nf6 5. O-O Be7 6. Re1 O-O 7. h3 a6 8. Ba4 b5 9. Bb3 Na5 10. Bc2 Nh5 11. Nxe5 Nf4 12. Nf3 Nxh3+ 13. gxh3 Bxh3 14. Nh2 Bd7 15. d4 c5 16. Nd2 f5 17. e5 g5 18. b4 Nc6 19. e6 Bc8 20. d5 Ne5 21. bxc5 g4 22. c6 h5 23. f4 Ng6 24. Nb3 Kh8 25. Nd4 Nh4 26. Qd3 Nf3+ 27. Nhxf3 gxf3 28. Nxf5 Rg8+ 29. Kf1 Bh4 1-0

[Event "Hivernal"]
[Site "Sherbrooke CAN"]
[Date "2008.03.14"]
[Round "1"]
[White "Echenberg, David"]
[Black "Mitrovic, Igor"]
[Result "1/2-1/2"]
[WhiteElo "1246"]
[BlackElo "1495"]
[PlyCount "80"]
[GameId "2160767910413086"]
[EventDate "2008.03.14"]
[EventType "swiss"]
[EventRounds "5"]
[EventCountry "CAN"]
[SourceTitle "EXT 2011"]
[Source "ChessBase"]
[SourceDate "2011.11.26"]
[SourceVersion "1"]
[SourceVersionDate "2011.11.26"]
[SourceQuality "1"]

1. d4 d5 2. c4 e6 3. Nc3 Nf6 4. Bg5 Nbd7 5. Nf3 Be7 6. e3 c6 7. Qc2 h6 8. Bh4 dxc4 9. Bxc4 b5 10. Bd3 Nd5 11. Bxe7 Qxe7 12. a3 a6 13. O-O Bb7 14. Rac1 Nxc3 15. Qxc3 O-O 16. Bb1 Rac8 17. b4 c5 18. dxc5 Bxf3 19. gxf3 Rc7 20. Kh1 Qf6 21. Qxf6 Nxf6 22. e4 Rd8 23. Rcd1 Rcd7 24. Bc2 Kf8 25. h4 Ke7 26. Kg2 e5 27. Rxd7+ Rxd7 28. Rd1 Nh5 29. Rxd7+ Kxd7 30. Kh3 Nf4+ 31. Kg4 f6 32. h5 Ke7 33. Bb3 Kd7 34. Bd5 Kc7 35. Kf5 Nxh5 36. Kg6 Nf4+ 37. Kf5 h5 38. Bf7 h4 39. Kg4 h3 40. Kg3 g6 1/2-1/2

[Event "Hivernal"]
[Site "Sherbrooke CAN"]
[Date "2008.03.14"]
[Round "1"]
[White "Valiquette, Simon"]
[Black "Thomsen, Gunther"]
[Result "1-0"]
[WhiteElo "1434"]
[BlackElo "1100"]
[PlyCount "59"]
[GameId "2160767910413088"]
[EventDate "2008.03.14"]
[EventType "swiss"]
[EventRounds "5"]
[EventCountry "CAN"]
[SourceTitle "EXT 2011"]
[Source "ChessBase"]
[SourceDate "2011.11.26"]
[SourceVersion "1"]
[SourceVersionDate "2011.11.26"]
[SourceQuality "1"]

1. c4 h6 2. g3 e6 3. Bg2 c6 4. e4 a6 5. a4 Bb4 6. Nc3 d6 7. Nge2 Nd7 8. O-O Ngf6 9. d4 O-O 10. Na2 Ba5 11. b4 Bc7 12. c5 Re8 13. Nac3 Rb8 14. Nf4 dxc5 15. bxc5 b6 16. e5 Nh7 17. Bxc6 bxc5 18. dxc5 Nhf8 19. Nd3 Bb7 20. Bxb7 Rxb7 21. f4 Nxc5 22. Nxc5 Qxd1 23. Rxd1 Bb6 24. Be3 Bxc5 25. Bxc5 f6 26. exf6 gxf6 27. Ne4 Kf7 28. Nd6+ Ke7 29. Nxb7+ Kf7 30. Nd6+ 1-0

[Event "Hivernal"]
[Site "Sherbrooke CAN"]
[Date "2008.03.14"]
[Round "1"]
[White "Viens, Nicolas"]
[Black "Doucet, Jean-Pascal"]
[Result "1-0"]
[WhiteElo "1411"]
[BlackElo "983"]
[PlyCount "97"]
[GameId "2160767910413089"]
[EventDate "2008.03.14"]
[EventType "swiss"]
[EventRounds "5"]
[EventCountry "CAN"]
[SourceTitle "EXT 2011"]
[Source "ChessBase"]
[SourceDate "2011.11.26"]
[SourceVersion "1"]
[SourceVersionDate "2011.11.26"]
[SourceQuality "1"]

1. c4 e5 2. Nc3 Nc6 3. e3 Nf6 4. a3 d5 5. cxd5 Nxd5 6. Qc2 g6 7. Nxd5 Qxd5 8. e4 Qd6 9. Nf3 f5 10. Bc4 Qc5 11. b4 Qe7 12. Bd5 Bd7 13. d3 a6 14. O-O Qd6 15. Ng5 Be6 16. Bxe6 Nd4 17. Bf7+ Ke7 18. Qa2 Kf6 19. Bg8 Qe7 20. Nh3 h6 21. exf5 gxf5 22. Re1 Rxg8 23. Qxg8 Qg7 24. Qxg7+ Bxg7 25. Ra2 Re8 26. Bb2 Rd8 27. f4 exf4 28. Nxf4 b5 29. Ne6 Re8 30. Bxd4+ Kf7 31. Bxg7 Rxe6 32. Rxe6 Kxe6 33. d4 c6 34. Kf2 Kd5 35. Rc2 h5 36. Kf3 Ke6 37. Rc5 Kd7 38. Kf4 Kd6 39. Be5+ Ke6 40. Rxc6+ Kd5 41. Rc5+ Ke6 42. d5+ Kd7 43. Rc7+ Kd8 44. Kxf5 h4 45. Ke6 h3 46. g3 a5 47. d6 axb4 48. d7 bxa3 49. Rc8# 1-0

[Event "Hivernal"]
[Site "Sherbrooke CAN"]
[Date "2008.03.15"]
[Round "2"]
[White "Allard dos Santos, Alexandre"]
[Black "Valiquette, Simon"]
[Result "0-1"]
[WhiteElo "1070"]
[BlackElo "1434"]
[PlyCount "73"]
[GameId "2160767910413090"]
[EventDate "2008.03.14"]
[EventType "swiss"]
[EventRounds "5"]
[EventCountry "CAN"]
[SourceTitle "EXT 2011"]
[Source "ChessBase"]
[SourceDate "2011.11.26"]
[SourceVersion "1"]
[SourceVersionDate "2011.11.26"]
[SourceQuality "1"]

1. e4 c5 2. c4 Nc6 3. Nc3 g6 4. Nf3 Bg7 5. g3 Nf6 6. Bg2 d6 7. d3 O-O 8. O-O Ng4 9. h3 Nge5 10. Be3 Bd7 11. g4 Qc8 12. Nxe5 Nxe5 13. f3 a6 14. Bf4 Nc6 15. Qd2 Nd4 16. Ne2 Ne6 17. Bh6 b5 18. Bxg7 Kxg7 19. Qc3+ f6 20. b3 a5 21. f4 Ra7 22. f5 Nd8 23. h4 a4 24. bxa4 bxc4 25. dxc4 Rxa4 26. h5 g5 27. Bf3 Qa6 28. Rfc1 Nc6 29. a3 Ne5 30. Kf2 Rxc4 31. Qb3 Ba4 32. Qe3 Rb8 33. Nf4 gxf4 34. Qxf4 Nd3+ 35. Ke3 Nxf4 36. Kxf4 Rxc1 37. Rxc1 0-1

[Event "Hivernal"]
[Site "Sherbrooke CAN"]
[Date "2008.03.15"]
[Round "2"]
[White "Belanger, Priscillia"]
[Black "Viens, Nicolas"]
[Result "0-1"]
[WhiteElo "1046"]
[BlackElo "1411"]
[PlyCount "36"]
[GameId "2160767910413091"]
[EventDate "2008.03.14"]
[EventType "swiss"]
[EventRounds "5"]
[EventCountry "CAN"]
[SourceTitle "EXT 2011"]
[Source "ChessBase"]
[SourceDate "2011.11.26"]
[SourceVersion "1"]
[SourceVersionDate "2011.11.26"]
[SourceQuality "1"]

1. e4 e5 2. Nf3 d6 3. Nc3 Nf6 4. Bc4 Be7 5. O-O O-O 6. d3 Nc6 7. Bg5 Bg4 8. Nd5 Nxd5 9. exd5 Nd4 10. Bxe7 Qxe7 11. Kh1 Qf6 12. c3 Nxf3 13. h3 Qh4 14. d4 Bxh3 15. Qxf3 Bg4+ 16. Kg1 Bxf3 17. gxf3 f5 18. Rae1 Rf6 0-1

[Event "Hivernal"]
[Site "Sherbrooke CAN"]
[Date "2008.03.15"]
[Round "2"]
[White "Doucet, Jean-Pascal"]
[Black "Belanger, Christopher"]
[Result "0-1"]
[WhiteElo "983"]
[BlackElo "1399"]
[PlyCount "68"]
[GameId "2160767910413092"]
[EventDate "2008.03.14"]
[EventType "swiss"]
[EventRounds "5"]
[EventCountry "CAN"]
[SourceTitle "EXT 2011"]
[Source "ChessBase"]
[SourceDate "2011.11.26"]
[SourceVersion "1"]
[SourceVersionDate "2011.11.26"]
[SourceQuality "1"]

1. e4 c5 2. Nf3 Nc6 3. Nc3 d6 4. Bc4 Nf6 5. O-O Bg4 6. d3 a6 7. a4 e6 8. Re1 Nd4 9. h3 Nxf3+ 10. gxf3 Bxh3 11. Ne2 Nd7 12. Ng3 Qf6 13. f4 h5 14. e5 Qg6 15. d4 h4 16. Bd3 Bf5 17. Re3 hxg3 18. Rxg3 Qh6 19. Kf1 Bxd3+ 20. Qxd3 Be7 21. f5 Qh1+ 22. Rg1 Qh3+ 23. Qxh3 Rxh3 24. exd6 Bxd6 25. f6 gxf6 26. Rg8+ Nf8 27. dxc5 Bxc5 28. c3 Rd8 29. Ke2 Rh1 30. b4 Be7 31. Rg3 Rdd1 32. Rd3 Rhe1+ 33. Kf3 Rxd3+ 34. Kg2 Rdd1 0-1

[Event "Hivernal"]
[Site "Sherbrooke CAN"]
[Date "2008.03.15"]
[Round "2"]
[White "Mitrovic, Igor"]
[Black "Pilotte, Benoit"]
[Result "1-0"]
[WhiteElo "1495"]
[BlackElo "1799"]
[PlyCount "77"]
[GameId "2160767910413093"]
[EventDate "2008.03.14"]
[EventType "swiss"]
[EventRounds "5"]
[EventCountry "CAN"]
[SourceTitle "EXT 2011"]
[Source "ChessBase"]
[SourceDate "2011.11.26"]
[SourceVersion "1"]
[SourceVersionDate "2011.11.26"]
[SourceQuality "1"]

1. e4 d6 2. d4 Nf6 3. Nc3 g6 4. Be3 c6 5. Bd3 Nbd7 6. f4 Bg7 7. e5 dxe5 8. fxe5 Nd5 9. Nxd5 cxd5 10. Nf3 Qb6 11. O-O h6 12. Qc1 Nf8 13. c4 Be6 14. c5 Qc7 15. b4 Nd7 16. b5 Rc8 17. a4 g5 18. a5 O-O 19. Bxg5 hxg5 20. Qxg5 Nxc5 21. dxc5 Qxc5+ 22. Kh1 Qc3 23. Rad1 Rc4 24. Qh5 Rfc8 25. Ng5 Qxe5 26. Qh7+ Kf8 27. Nxe6+ Qxe6 28. Bxc4 Rxc4 29. Qd3 Rd4 30. Qg3 Be5 31. Qf3 Rf4 32. Qb3 Rxf1+ 33. Rxf1 Qh6 34. h3 e6 35. Qf3 Qg6 36. h4 Ke7 37. h5 Qh7 38. g4 Kd7 39. Qxf7+ 1-0

[Event "Hivernal"]
[Site "Sherbrooke CAN"]
[Date "2008.03.15"]
[Round "2"]
[White "Soskic, Milan"]
[Black "Roussel, Alexandre"]
[Result "1-0"]
[WhiteElo "1357"]
[BlackElo "890"]
[PlyCount "50"]
[GameId "2160767910413094"]
[EventDate "2008.03.14"]
[EventType "swiss"]
[EventRounds "5"]
[EventCountry "CAN"]
[SourceTitle "EXT 2011"]
[Source "ChessBase"]
[SourceDate "2011.11.26"]
[SourceVersion "1"]
[SourceVersionDate "2011.11.26"]
[SourceQuality "1"]

1. d4 d5 2. Nf3 Nf6 3. e3 Bf5 4. b3 e6 5. Bb2 Nc6 6. Bb5 Bd6 7. a3 O-O 8. O-O Ne4 9. Ne5 Qg5 10. Qe2 Bh3 11. f4 Qf5 12. gxh3 Qxh3 13. Qf3 Qxf3 14. Nxf3 a6 15. Bd3 f5 16. Nbd2 b5 17. Be2 b4 18. Nxe4 fxe4 19. Ne5 Nxe5 20. dxe5 a5 21. Bg4 Rfe8 22. exd6 cxd6 23. axb4 Rac8 24. c3 Rb8 25. Rxa5 g6 1-0

[Event "Hivernal"]
[Site "Sherbrooke CAN"]
[Date "2008.03.15"]
[Round "2"]
[White "Straehl, Patrick"]
[Black "Leclerc, Luc-Olivier"]
[Result "0-1"]
[WhiteElo "1422"]
[BlackElo "1049"]
[PlyCount "80"]
[GameId "2160767910413095"]
[EventDate "2008.03.14"]
[EventType "swiss"]
[EventRounds "5"]
[EventCountry "CAN"]
[SourceTitle "EXT 2011"]
[Source "ChessBase"]
[SourceDate "2011.11.26"]
[SourceVersion "1"]
[SourceVersionDate "2011.11.26"]
[SourceQuality "1"]

1. d4 f5 2. c4 e6 3. Nc3 Nf6 4. e3 b6 5. Nf3 Bb7 6. a3 d6 7. Bd3 Ne4 8. O-O Be7 9. Re1 Nd7 10. Nd2 Ndf6 11. Ncxe4 fxe4 12. Be2 O-O 13. f3 exf3 14. Bxf3 Bxf3 15. Nxf3 Ne4 16. Rf1 Qd7 17. Nd2 Rxf1+ 18. Qxf1 Rf8 19. Qd3 Nxd2 20. Bxd2 Bg5 21. Rf1 Rxf1+ 22. Qxf1 c5 23. Qd3 cxd4 24. Qxd4 Bf6 25. Qd3 Bxb2 26. e4 e5 27. Be3 Qc6 28. Bg5 Bd4+ 29. Kf1 h6 30. Bd2 Qd7 31. Be3 Bxe3 32. Qxe3 Qf7+ 33. Ke1 Qxc4 34. Qh3 Qxe4+ 35. Kd2 Qd4+ 36. Ke1 Qa1+ 37. Kf2 Qb2+ 38. Ke1 Qc1+ 39. Ke2 Qc4+ 40. Kd1 e4 0-1

[Event "Hivernal"]
[Site "Sherbrooke CAN"]
[Date "2008.03.15"]
[Round "3"]
[White "Belanger, Christopher"]
[Black "Allard dos Santos, Alexandre"]
[Result "0-1"]
[WhiteElo "1399"]
[BlackElo "1070"]
[PlyCount "88"]
[GameId "2160767910413097"]
[EventDate "2008.03.14"]
[EventType "swiss"]
[EventRounds "5"]
[EventCountry "CAN"]
[SourceTitle "EXT 2011"]
[Source "ChessBase"]
[SourceDate "2011.11.26"]
[SourceVersion "1"]
[SourceVersionDate "2011.11.26"]
[SourceQuality "1"]

1. e4 e5 2. f4 d6 3. Bc4 Nf6 4. d3 Nc6 5. a3 Be7 6. Nc3 Bg4 7. Nf3 Qd7 8. h3 Bxf3 9. Qxf3 Nd4 10. Qf2 O-O-O 11. Bxf7 Rhf8 12. Bc4 Nh5 13. g4 Nxf4 14. Bxf4 Rxf4 15. Qg2 Bh4+ 16. Kd1 Rf2 17. Qg1 Nf3 18. Qxf2 Bxf2 19. Rf1 Rf8 20. Rxf2 h5 21. Ne2 hxg4 22. Ng1 g3 23. Rxf3 Rxf3 24. Nxf3 Qxh3 25. Ne1 g2 26. Nxg2 Qxg2 27. Ra2 g5 28. b4 g4 29. c3 Qf3+ 30. Ke1 g3 31. Be6+ Kd8 32. Bh3 Qxd3 33. Rg2 Qxc3+ 34. Kf1 Qxa3 35. Re2 c5 36. bxc5 dxc5 37. Kg2 c4 38. Bg4 Qd3 39. Kh3 c3 40. Re1 c2 41. Be2 Qd2 42. Rg1 c1=Q 43. Rxg3 Qh1+ 44. Kg4 Qf4# 0-1